Largest Military Force Per Capita by Continent - Statistics

General Stats
  • This quiz has been taken 68 times
  • The average score is 15 of 30
Answer Stats
Answer % Correct
United States
95%
Australia
82%
New Zealand
80%
North Korea
75%
Russia
72%
Fiji
69%
Colombia
66%
Cuba
64%
Israel
64%
Venezuela
61%
Papua New Guinea
59%
Ukraine
59%
Bolivia
57%
Ecuador
57%
Uruguay
56%
Tonga
44%
Belarus
43%
Greece
43%
Dominican Republic
41%
Sudan
38%
Morocco
34%
Eritrea
33%
Serbia
31%
Trinidad and Tobago
30%
Bahamas
26%
Jordan
23%
Angola
21%
Brunei
20%
Armenia
18%
Djibouti
16%
No matching quizzes found
Score Distribution
Percent of People with Each Score
Percentile by Number Answered
Your Score History
You have not taken this quiz